| 000 | 01461nam0a2200313 4500 | ||
|---|---|---|---|
| 001 | RU\NLR\BIBL_A\022179021 | ||
| 005 | 20250625151144.0 | ||
| 035 | _a(NLR Aleph) 022179021 | ||
| 090 |
_a12975873 _c12975873 |
||
| 100 | _a20240325d1955 |||y0rusy50 ca | ||
| 101 | 0 |
_adar _arus |
|
| 102 | _aRU | ||
| 105 | _aac z 000 y | ||
| 181 | 0 |
_ai _baxxe |
|
| 182 | 0 | _an | |
| 200 | 1 |
_aУчебник русского языка _eдля III класса дагестанской нерусской начальной школы _e[с рус.-дарг. словарем] _fС. М. Омаров, В. М. Криштопа, П. В. Виноградова _g[авт. пер. И. Магомедов] |
|
| 203 |
_aТекст _bвизуальный _cнепосредственный |
||
| 205 |
_a2-е изд. _bиспр. |
||
| 210 |
_aМахачкала _cДагучпедгиз _d1955 |
||
| 215 |
_a286,[1] с., 56,[5] с. _cил., портр., табл. _d22 |
||
| 606 | 1 |
_aРусский язык _jУчебники для национальной школы _91533567 _3RU\NLR\AUTH\66969347 |
|
| 686 | 1 | _aШ141.12-96 | |
| 700 | 1 |
_aВиноградова _bП.В. _gПанна Васильевна _4070 |
|
| 701 | 1 |
_aКриштопа _bВ.М. _gВалентина Митрофановна _4070 |
|
| 701 | 1 |
_aОмаров _bС. М. _gСаид Магомедович _4070 |
|
| 852 |
_aNLR _bОНЛ _jДарг./3-337 |
||
| 942 | _cBOOK | ||
| 980 | _aNB | ||